[Event "Shenzhen op 1st"]
[Site "Shenzhen"]
[Date "2018.07.27"]
[Round "4"]
[White "He, Yichen"]
[Black "Peng, Hongchi"]
[Result "0-1"]
[WhiteElo "1912"]
[BlackElo "2256"]
[PlyCount "62"]
[EventDate "2018.07.26"]
[EventType "swiss"]
[EventRounds "9"]
[EventCountry "CHN"]
[SourceTitle "CBM 185 Extra"]
[Source "ChessBase"]
[SourceDate "2018.07.29"]
[SourceVersion "1"]
[SourceVersionDate "2018.07.29"]
[SourceQuality "1"]

1. e4 c5 2. Nf3 e6 3. d4 cxd4 4. Nxd4 Nc6 5. Nc3 Qc7 6. Be3 a6 7. Qd2 Nf6 8. 0-0-0 Bb4 9. f3 0-0 10. g4 b5 11. h4 Ne5 12. h5 Bb7 13. g5 Ne8 14. Bf4 Rc8 15. a3 Bd6 16. Bh2 b4 17. axb4 Bxb4 18. Kb1 Nc4 19. Bxc4 Qxc4 20. Nde2 d5 21. Qd3 dxe4 22. fxe4 f5 23. gxf6 Nxf6 24. Rhg1 Qxd3 25. cxd3 Nxh5 26. Be5 Rf2 27. Nf4 Rxf4 28. Rh1 Bxc3 29. bxc3 Rxe4 30. Rxh5 Re2 31. c4 Rc5 0-1

[Event "Bangkok Cha Am op 18th"]
[Site "Bangkog"]
[Date "2018.04.16"]
[Round "4"]
[White "He, Yichen"]
[Black "Piasetski, Leon David"]
[Result "0-1"]
[WhiteElo "1966"]
[BlackElo "2269"]
[PlyCount "112"]
[EventDate "2018.04.13"]
[EventType "swiss"]
[EventRounds "9"]
[EventCountry "THA"]
[SourceTitle "CBM 184 Extra"]
[Source "ChessBase"]
[SourceDate "2018.06.28"]
[SourceVersion "1"]
[SourceVersionDate "2018.06.28"]
[SourceQuality "1"]

1. d4 g6 2. c4 Bg7 3. Nc3 c5 4. d5 Bxc3+ 5. bxc3 f5 6. Nf3 d6 7. Qc2 Nf6 8. Bf4 Qa5 9. Nd2 Nbd7 10. e3 Ne5 11. Bd3 Bd7 12. Nb3 Qc7 13. h3 e6 14. Bg5 0-0 15. Bxf6 Rxf6 16. f4 Nxd3+ 17. Qxd3 e5 18. 0-0 g5 19. fxg5 Rg6 20. h4 e4 21. Qe2 h6 22. gxh6 Kh7 23. Rf2 Rag8 24. Raf1 Qd8 25. Rf4 Qf6 26. R1f2 Qxc3 27. Nd2 Qa1+ 28. Qf1 Qxf1+ 29. Nxf1 Kxh6 30. Rb2 a6 31. a4 Bxa4 32. Rxf5 Bd7 33. Rf7 Bh3 34. Rff2 b5 35. cxb5 axb5 36. Kh1 Bd7 37. Ra2 b4 38. Ra7 Bb5 39. Nd2 Bd3 40. Rb7 R8g7 41. Rb8 Rg4 42. Rf6+ R7g6 43. Rh8+ Kg7 44. Rxg6+ Rxg6 45. Rb8 Rg4 46. Rb6 Rxh4+ 47. Kg1 Kf6 48. Rxd6+ Ke5 49. Rd8 Rh6 50. g4 c4 51. Rb8 b3 52. Kg2 Kxd5 53. Kg3 Ra6 54. g5 b2 55. Rb5+ Kc6 56. Rf5 c3 0-1

[Event "Wch U12"]
[Site "Pocos de Caldas"]
[Date "2017.08.22"]
[Round "1"]
[White "He, Yichen"]
[Black "Murzin, Volodar"]
[Result "0-1"]
[WhiteElo "1675"]
[BlackElo "2280"]
[PlyCount "82"]
[EventDate "2017.08.22"]
[EventType "swiss"]
[EventRounds "11"]
[EventCountry "BRA"]
[SourceTitle "CBM 180 Extra"]
[Source "ChessBase"]
[SourceDate "2017.10.06"]
[SourceVersion "1"]
[SourceVersionDate "2017.10.06"]
[SourceQuality "1"]

1. d4 Nf6 2. c4 g6 3. Nc3 Bg7 4. e4 d6 5. Nf3 0-0 6. Be2 e5 7. 0-0 Nc6 8. d5 Ne7 9. b4 a5 10. Ba3 Nd7 11. bxa5 Rxa5 12. Bb4 Ra8 13. a4 h6 14. Nd2 f5 15. f3 c5 16. dxc6 Qb6+ 17. Kh1 Qxb4 18. cxd7 Bxd7 19. Qb3 Qxb3 20. Nxb3 Nc6 21. Nb5 fxe4 22. fxe4 Nd4 23. N3xd4 exd4 24. Rxf8+ Kxf8 25. Bd3 Be5 26. a5 Kg7 27. Nc7 Rf8 28. Ra2 Rf4 29. Kg1 Kf7 30. Nd5 h5 31. Ra1 g5 32. Rf1 Rxf1+ 33. Bxf1 Bf6 34. Bd3 Bd8 35. Nb6 Bxb6 36. axb6 Bc6 37. Kf2 Kf6 38. Kf3 Ke5 39. g3 Bxe4+ 40. Ke2 Bxd3+ 41. Kxd3 g4 0-1

[Event "Wch U10"]
[Site "Batumi"]
[Date "2016.10.28"]
[Round "9"]
[White "Kvikvinia, Teimuraz"]
[Black "He, Yichen"]
[Result "1/2-1/2"]
[WhiteElo "1473"]
[BlackElo "1698"]
[PlyCount "43"]
[EventDate "2016.10.19"]
[EventType "swiss"]
[EventRounds "11"]
[EventCountry "GEO"]
[SourceTitle "EXT 2018"]
[Source "ChessBase"]
[SourceDate "2017.10.13"]
[SourceVersion "1"]
[SourceVersionDate "2017.10.13"]
[SourceQuality "1"]

1. e4 c5 2. Nf3 e6 3. c3 d5 4. exd5 exd5 5. d4 Nf6 6. Bb5+ Bd7 7. Bxd7+ Nbxd7 8. 0-0 Be7 9. Bg5 0-0 10. Nbd2 Qb6 11. Qb3 h6 12. Bh4 Qxb3 13. Nxb3 g5 14. Bg3 Ne4 15. dxc5 Ndxc5 16. Nxc5 Bxc5 17. Rad1 Rad8 18. Be5 Rfe8 19. Bd4 b6 20. h3 f5 21. Rfe1 Kf7 22. Kf1 1/2-1/2

[Event "Wch U10"]
[Site "Batumi"]
[Date "2016.10.24"]
[Round "6"]
[White "He, Yichen"]
[Black "Kienboeck, Benjamin"]
[Result "1-0"]
[WhiteElo "1698"]
[BlackElo "1478"]
[PlyCount "55"]
[EventDate "2016.10.19"]
[EventType "swiss"]
[EventRounds "11"]
[EventCountry "GEO"]
[SourceTitle "CBM 175 Extra"]
[Source "ChessBase"]
[SourceDate "2016.12.12"]
[SourceVersion "1"]
[SourceVersionDate "2016.12.12"]
[SourceQuality "1"]

1. d4 d5 2. c4 e6 3. Nc3 Nf6 4. Bg5 Be7 5. Nf3 h6 6. Bh4 0-0 7. e3 b6 8. Bd3 Bb7 9. 0-0 c5 10. cxd5 Nxd5 11. Bxe7 Qxe7 12. Nxd5 exd5 13. Qc2 Nc6 14. a3 c4 15. Bh7+ Kh8 16. Bf5 Na5 17. Rae1 g6 18. Bh3 Ba6 19. Qc3 Qe8 20. Nd2 f5 21. f3 Qc6 22. e4 fxe4 23. fxe4 Rxf1+ 24. Rxf1 Kg8 25. exd5 Qxd5 26. Rf6 Qg5 27. Be6+ Kh8 28. d5 1-0

[Event "Wch U10"]
[Site "Batumi"]
[Date "2016.10.22"]
[Round "4"]
[White "He, Yichen"]
[Black "Shapovalovi, Vasiko"]
[Result "1-0"]
[WhiteElo "1698"]
[BlackElo "1453"]
[PlyCount "93"]
[EventDate "2016.10.19"]
[EventType "swiss"]
[EventRounds "11"]
[EventCountry "GEO"]
[SourceTitle "CBM 175 Extra"]
[Source "ChessBase"]
[SourceDate "2016.12.12"]
[SourceVersion "1"]
[SourceVersionDate "2016.12.12"]
[SourceQuality "1"]

1. d4 d5 2. c4 e6 3. Nc3 Be7 4. Nf3 Nf6 5. Bg5 0-0 6. e3 h6 7. Bh4 b6 8. cxd5 Nxd5 9. Bxe7 Qxe7 10. Bd3 Bb7 11. 0-0 Nd7 12. Rc1 c5 13. Qd2 Rfc8 14. e4 N5f6 15. e5 Nd5 16. Nb5 cxd4 17. Rxc8+ Rxc8 18. Nd6 Rb8 19. Nxb7 Rxb7 20. Be4 Rb8 21. Qxd4 Qb4 22. Qxb4 Nxb4 23. a3 Na6 24. b4 Kf8 25. Rd1 Rd8 26. Nd4 Nab8 27. Nb5 Ke7 28. f4 a6 29. Na7 f6 30. exf6+ gxf6 31. Kf2 Nc5 32. Bf3 Ne4+ 33. Ke1 Rxd1+ 34. Kxd1 Nd6 35. Nc6+ Nxc6 36. Bxc6 Nc4 37. a4 Kd6 38. Bf3 a5 39. bxa5 bxa5 40. Kc2 Kc5 41. g4 Nb6 42. h4 Nxa4 43. g5 fxg5 44. fxg5 hxg5 45. h5 g4 46. Bxg4 Nb6 47. h6 1-0